VC++, Com and beyond (Record no. 203138)
[ view plain ]
| 000 -LEADER | |
|---|---|
| fixed length control field | 00410nam a2200169Ia 4500 |
| 008 - FIXED-LENGTH DATA ELEMENTS--GENERAL INFORMATION | |
| fixed length control field | 231221s9999 xx 000 0 und d |
| 041 ## - LANGUAGE CODE | |
| Language code of text/sound track or separate title | English |
| 082 ## - DEWEY DECIMAL CLASSIFICATION NUMBER | |
| Classification number | 001.6424C KAN1; |
| 100 ## - MAIN ENTRY--PERSONAL NAME | |
| Personal name | Kanetkar, Yashavant P. Saoji, Sudesh |
| 245 #0 - TITLE STATEMENT | |
| Title | VC++, Com and beyond |
| 250 ## - EDITION STATEMENT | |
| Edition statement | 1st ed. |
| 260 ## - PUBLICATION, DISTRIBUTION, ETC. | |
| Date of publication, distribution, etc. | 2000 |
| Name of publisher, distributor, etc. | BPB |
| Place of publication, distribution, etc. | New Delhi |
| 300 ## - PHYSICAL DESCRIPTION | |
| Extent | xiv+842 |
| 300 ## - PHYSICAL DESCRIPTION | |
| Dimensions | SE1463 |
| 650 ## - SUBJECT ADDED ENTRY--TOPICAL TERM | |
| Topical term or geographic name entry element | VC++,,Com |
| 942 ## - ADDED ENTRY ELEMENTS (KOHA) | |
| Koha item type | Compact Disks |
| Date last seen | Total checkouts | Full call number | Accession number | Price effective from | Category | Lost status | Damaged status | Department | Withdrawn status | Home library | Current library | Shelving location | Entry date | Vendor | Grants | Billnumber | Billdate | Currency symbol | Conversion rate | Discount | Old discount |
|---|---|---|---|---|---|---|---|---|---|---|---|---|---|---|---|---|---|---|---|---|---|
| 26/01/2024 | 001.6424C KAN1; | CD1909 | 26/01/2024 | Compact Disks | Central Library | Central Library | Book Paradise | SE/CS | 24362 | 06/10/2009 | RS | 1 | 20 | ||||||||
| 26/01/2024 | 001.6424C KAN1; | CD1910 | 26/01/2024 | Compact Disks | Central Library | Central Library | Book Paradise | SE/CS | 24362 | 06/10/2009 | RS | 1 | 20 | ||||||||
| 26/01/2024 | 001.6424C KAN1; | CD1911 | 26/01/2024 | Compact Disks | Central Library | Central Library | Book Paradise | SE/CS | 24362 | 06/10/2009 | RS | 1 | 20 |
